[Event "Xtracon Chess Open 2018"]
[Site "Elsinore"]
[Date "2018.07.27"]
[Round "8"]
[White "Skaarup, Kasper"]
[Black "Dishman, Stephen"]
[Result "0-1"]
[WhiteElo "2037"]
[BlackElo "2320"]
[EventDate "2018.07.21"]
[WhiteFideId "1446045"]
[BlackFideId "403024"]

1.d4 d5 2.c4 c6 3.cxd5 cxd5 4.Nc3 Nf6 5.Bf4 Nc6 6.e3 Bf5 7.Qb3 Na5 8.Qa4+ 
Bd7 9.Qc2 e6 10.Nf3 Be7 11.Bd3 Nh5 12.Be5 f6 13.Bg3 f5 14.Ne5 Nc6 15.Nxc6 
Bxc6 16.Be5 Nf6 17.O-O O-O 18.h3 Rc8 19.Rac1 a6 20.Qb3 Qd7 21.a4 Ne4 22.
Bxe4 fxe4 23.a5 Bd6 24.Bxd6 Qxd6 25.Qb6 Qd8 26.Qxd8 Rfxd8 27.b4 Bd7 28.Ne2
Bb5 29.Rxc8 Rxc8 30.Rc1 Rxc1+ 31.Nxc1 Bc4 32.f3 exf3 33.gxf3 Kf7 34.Kf2 
Ke7 35.Ne2 Bxe2 36.Kxe2 Kd6 37.Kd3 Kc6 38.Kc3 Kb5 39.Kb3 g5 40.f4 gxf4 41.
exf4 h6 42.h4 h5 43.Ka3 Kc4 44.Ka4 Kxd4 45.b5 Kc3 0-1

[Event "Xtracon Chess Open 2018"]
[Site "Elsinore"]
[Date "2018.07.27"]
[Round "8"]
[White "Svendsen, Mads O."]
[Black "Baum, Bernd"]
[Result "0-1"]
[WhiteElo "2030"]
[BlackElo "2280"]
[EventDate "2018.07.21"]
[WhiteFideId "1411780"]
[BlackFideId "4611853"]

1.e4 c5 2.Nf3 Nc6 3.d4 cxd4 4.Nxd4 Nf6 5.Nc3 d6 6.Be3 Ng4 7.Bb5 Nxe3 8.
Nxc6 Nxd1 9.Nxd8+ Kxd8 10.Rxd1 e6 11.O-O a6 12.Be2 Bd7 13.f4 Rc8 14.Rd2 
Ke8 15.Bf3 Be7 16.Rfd1 Bc6 17.Ne2 g6 18.Nd4 Bd7 19.c3 Rc7 20.Ne2 h5 21.Nc1
h4 22.Nd3 Rg8 23.g4 hxg3 24.hxg3 g5 25.Kf2 a5 26.Ke3 Bc6 27.Rh2 Rd7 28.
Rdh1 Bd8 29.Rh8 Kf8 30.Rxg8+ Kxg8 31.Rh5 gxf4+ 32.gxf4 Bb6+ 33.Ke2 Rd8 34.
Nf2 Kg7 35.Rg5+ Kf8 36.Ng4 Ke7 37.Nh6 Rh8 38.Rh5 Kf8 39.Rh2 Kg7 40.Ng4 f5 
41.exf5 Bxf3+ 42.Kxf3 exf5 0-1

[Event "Xtracon Chess Open 2018"]
[Site "Elsinore"]
[Date "2018.07.27"]
[Round "8"]
[White "Pakmor, Claus"]
[Black "Ramsdal, Jens Albert"]
[Result "1/2-1/2"]
[WhiteElo "2023"]
[BlackElo "2259"]
[EventDate "2018.07.21"]
[WhiteFideId "1431609"]
[BlackFideId "1429221"]

1.e4 c5 2.Nc3 e6 3.g3 Nc6 4.Bg2 g6 5.f4 d6 6.Nf3 Bg7 7.d3 Nge7 8.O-O O-O 
9.Be3 Nd4 10.Qd2 Nec6 11.Nd1 b6 12.c3 Nxf3+ 13.Bxf3 Ba6 14.Re1 d5 15.exd5 
exd5 16.Qg2 Ne7 17.d4 Rc8 18.g4 cxd4 19.Bxd4 Bxd4+ 20.cxd4 Nc6 21.Bxd5 
Nxd4 22.Nc3 Qc7 23.Kh1 Ne6 24.Rxe6 fxe6 25.Bxe6+ Kg7 26.Bxc8 Bxc8 27.Nd5 
Qf7 28.Qe4 Bb7 29.Qe5+ Kg8 30.Rd1 Rd8 31.Kg1 Rxd5 32.Rxd5 Qxd5 33.Qe8+ Kg7
34.Qe7+ Qf7 35.Qe5+ Kf8 36.Qb8+ Kg7 37.Qe5+ Kf8 1/2-1/2

[Event "Xtracon Chess Open 2018"]
[Site "Elsinore"]
[Date "2018.07.27"]
[Round "8"]
[White "Koellner, Ruben Gideon"]
[Black "Alquist, Erik"]
[Result "1/2-1/2"]
[WhiteElo "2254"]
[BlackElo "2035"]
[EventDate "2018.07.21"]
[WhiteFideId "12993093"]
[BlackFideId "1707701"]

1.d4 Nf6 2.Nf3 g6 3.Nbd2 d5 4.e3 Bg7 5.b4 O-O 6.Bb2 Nbd7 7.c4 dxc4 8.Nxc4 
Nb6 9.Nce5 Qd6 10.a3 Bf5 11.Be2 Ng4 12.O-O Nxe5 13.Nxe5 Rfd8 14.Rc1 c6 15.
Qb3 Qe6 16.Qxe6 Bxe6 17.Nc4 Nxc4 18.Bxc4 Bd5 19.Bxd5 Rxd5 20.f4 e6 21.Bc3 
h5 22.g3 a6 23.Kg2 Rad8 24.h3 Bf6 25.g4 Kh7 26.Kf3 Be7 27.e4 R5d7 28.gxh5 
gxh5 29.Rg1 Bf6 30.e5 Bh4 31.Rg2 Rg8 32.Rxg8 Kxg8 33.Ke4 Kh7 34.f5 Rd8 35.
Rf1 Rg8 36.fxe6 fxe6 37.Bd2 Rg2 38.Be3 Rg7 39.Kd3 Kg8 40.Kc4 Be7 41.a4 Rg3
42.Re1 Kf7 43.b5 axb5+ 44.axb5 Rxh3 45.bxc6 bxc6 46.Bd2 h4 47.Bb4 Bxb4 48.
Kxb4 Rh2 49.Kc5 Ke7 50.Re4 Rc2+ 51.Kb6 h3 52.Rh4 h2 53.Kc7 Rd2 54.Rh7+ Kf8
55.Kxc6 Kg8 56.Rh3 Kf7 57.Rh6 Rxd4 58.Rxh2 Rd5 59.Rf2+ Ke7 60.Re2 Kf7 61.
Rf2+ Kg7 62.Rg2+ Kh6 63.Rg8 Rxe5 64.Kd6 Re1 65.Re8 Kg5 66.Rxe6 Rxe6+ 67.
Kxe6 1/2-1/2

[Event "Xtracon Chess Open 2018"]
[Site "Elsinore"]
[Date "2018.07.27"]
[Round "8"]
[White "Hoeffer, David"]
[Black "Acikel, Mert"]
[Result "0-1"]
[WhiteElo "2252"]
[BlackElo "2040"]
[EventDate "2018.07.21"]
[WhiteFideId "24606766"]
[BlackFideId "12956465"]

1.Nf3 Nf6 2.c4 e6 3.g3 d5 4.Bg2 Be7 5.O-O O-O 6.Qc2 c6 7.b3 b6 8.Bb2 Bb7 
9.d3 c5 10.Nbd2 Nc6 11.a3 Rc8 12.Rfe1 Qc7 13.cxd5 exd5 14.e4 d4 15.e5 Ng4 
16.h3 Nh6 17.Bc1 Rfe8 18.Nf1 Bf8 19.Bf4 Qd7 20.g4 Nd8 21.Ng3 Nxg4 22.Ne4 
Bxe4 23.Rxe4 Nh6 24.Bxh6 gxh6 25.Qe2 Ne6 26.Nh2 Ng5 27.Rh4 f5 28.Kh1 Kh8 
29.Rg1 Bg7 30.f4 Ne6 31.Qd2 Nf8 32.Bf3 Ng6 33.Rh5 Rf8 34.Nf1 Qe6 35.Ng3 
Rc7 36.Re1 Rcf7 37.b4 Rc7 38.bxc5 bxc5 39.Ne2 Rd8 40.Qa5 Rdc8 41.Rc1 Qd7 
42.Qa6 c4 43.e6 Qe7 44.Rxf5 cxd3 45.Qxc8+ Rxc8 46.Rxc8+ Bf8 47.Nxd4 Qxa3 
48.Rf7 d2 49.e7 d1=Q+ 50.Bxd1 Qxh3+ 51.Kg1 Qxc8 52.exf8=R+ Nxf8 53.Bb3 Qc5
54.Kg2 Qxd4 55.Rxf8+ Kg7 56.Rg8+ Kf6 57.Rg3 Qd2+ 58.Kf3 Kf5 59.Bg8 Qd1+ 
60.Kg2 Kxf4 61.Bb3 Qe2+ 62.Kh3 Qf1+ 63.Rg2 Qh1+ 64.Rh2 Qf3+ 0-1

[Event "Xtracon Chess Open 2018"]
[Site "Elsinore"]
[Date "2018.07.27"]
[Round "8"]
[White "Schmidt, Kristen"]
[Black "Kleimark, Anders"]
[Result "0-1"]
[WhiteElo "2247"]
[BlackElo "2024"]
[EventDate "2018.07.21"]
[WhiteFideId "1400436"]
[BlackFideId "1709968"]

1.e4 c6 2.c4 d5 3.exd5 cxd5 4.cxd5 Nf6 5.Qa4+ Nbd7 6.Nc3 a6 7.Nf3 Rb8 8.
Qf4 b5 9.Nd4 Qb6 10.Nc6 Nxd5 11.Nxd5 Qxc6 12.Ne3 e6 13.Be2 Bd6 14.Qh4 Ne5 
15.O-O Bb7 16.d4 Ng6 17.d5 Qxc1 18.Qd4 Qc7 19.Qxg7 Bxh2+ 20.Kh1 Be5 21.Qh6
Bf4 22.Qh3 exd5 23.Bd3 Bxe3 24.Rae1 O-O 25.Rxe3 Qf4 26.Kg1 Rbe8 27.Rg3 Bc8
28.Qh5 Re5 29.Qh2 Rg5 30.Rxg5 Qxg5 31.Re1 Bf5 0-1

[Event "Xtracon Chess Open 2018"]
[Site "Elsinore"]
[Date "2018.07.27"]
[Round "8"]
[White "Haugli, Petter"]
[Black "Hakansson, Stefan"]
[Result "1-0"]
[WhiteElo "2231"]
[BlackElo "2019"]
[EventDate "2018.07.21"]
[WhiteFideId "1500104"]
[BlackFideId "1708198"]

1.c4 e5 2.Nc3 Bb4 3.Nd5 a5 4.Nf3 d6 5.g3 c6 6.Nxb4 axb4 7.Bg2 Nf6 8.O-O 
O-O 9.b3 c5 10.e3 Nc6 11.Bb2 Bg4 12.h3 Bh5 13.g4 Bg6 14.d4 Qc7 15.Nh4 Nd7 
16.Nxg6 hxg6 17.dxe5 dxe5 18.a4 Rad8 19.Qc2 Ndb8 20.Bd5 Ne7 21.Rad1 Nxd5 
22.cxd5 Qd6 23.e4 g5 24.Rd3 Nd7 25.Kg2 f6 26.Rh1 Kf7 27.h4 gxh4 28.Rxh4 
Rh8 29.Rdh3 Rxh4 30.Rxh4 g5 31.Rh7+ Kg6 32.Rh2 Kg7 33.Bc1 Rh8 34.Rxh8 Kxh8
35.Be3 b6 36.Qe2 Nb8 37.Qb5 Qd7 38.Qxd7 Nxd7 39.Kf1 c4 40.Ke2 c3 41.Kd3 
Kg8 42.Kc4 c2 43.f3 Kf8 44.Kxb4 Ke7 45.Kc3 1-0

[Event "Xtracon Chess Open 2018"]
[Site "Elsinore"]
[Date "2018.07.27"]
[Round "8"]
[White "Berg, Olaf"]
[Black "Jensen, Michael Agermose"]
[Result "1-0"]
[WhiteElo "2226"]
[BlackElo "1999"]
[EventDate "2018.07.21"]
[WhiteFideId "7200420"]
[BlackFideId "1408216"]

1.e4 e5 2.Nf3 d5 3.exd5 Bd6 4.Nc3 Nf6 5.d4 e4 6.Ne5 Nbd7 7.Bb5 O-O 8.Bxd7 
Bxd7 9.O-O Re8 10.f4 Bb4 11.Ne2 Nxd5 12.c4 Nf6 13.Ng3 c6 14.a3 Ba5 15.Kh1 
Bc7 16.b4 Qc8 17.Bb2 Ng4 18.Qb3 f6 19.Nxg4 Bxg4 20.Rae1 Qd8 21.Nxe4 f5 22.
Ng5 Rxe1 23.Rxe1 Bxf4 24.Ne6 Qe7 25.c5 Qf7 26.d5 cxd5 27.Nxf4 1-0

[Event "Xtracon Chess Open 2018"]
[Site "Elsinore"]
[Date "2018.07.27"]
[Round "8"]
[White "Hartung-Nielsen, Jens"]
[Black "Larsen, Ulrik"]
[Result "1-0"]
[WhiteElo "2207"]
[BlackElo "2011"]
[EventDate "2018.07.21"]
[WhiteFideId "1400690"]
[BlackFideId "1441167"]

1.c4 g6 2.g3 Bg7 3.Nc3 d6 4.Bg2 e5 5.e4 Nc6 6.Nge2 Be6 7.d3 h5 8.h4 Qd7 9.
Nd5 Nce7 10.d4 c6 11.Nxe7 Qxe7 12.d5 cxd5 13.cxd5 Bg4 14.f3 Bd7 15.Qb3 Nh6
16.Nc3 O-O 17.Be3 Kh7 18.O-O-O b5 19.Kb1 f5 20.Bf1 b4 21.Qxb4 Nf7 22.Ba6 
Rab8 23.Qa3 f4 24.Bf2 Nd8 25.gxf4 exf4 26.Bd4 Nf7 27.Bxg7 Kxg7 28.Ne2 Ne5 
29.Nd4 Rb6 30.Rc1 Rfb8 31.b3 Nxf3 32.Nxf3 Qxe4+ 33.Ka1 Qxf3 34.Qb2+ Kg8 
35.Rhg1 Be8 36.Rc7 1-0

[Event "Xtracon Chess Open 2018"]
[Site "Elsinore"]
[Date "2018.07.27"]
[Round "8"]
[White "Stern, Geoffrey"]
[Black "Weber, Samuel"]
[Result "0-1"]
[WhiteElo "2008"]
[BlackElo "2197"]
[EventDate "2018.07.21"]
[WhiteFideId "4002679"]
[BlackFideId "12924008"]

1.d4 Nf6 2.Nc3 d5 3.Bf4 a6 4.e3 e6 5.Nf3 c5 6.Be2 b5 7.a3 Bb7 8.O-O Nbd7 
9.Ne5 Be7 10.Re1 O-O 11.Bf3 Qb6 12.Ne2 Nxe5 13.Bxe5 Nd7 14.Bg3 f5 15.h4 
Rac8 16.Nf4 g6 17.c3 Bf6 18.Qd2 c4 19.Bd1 Rfe8 20.f3 a5 21.Kf2 Rcd8 22.Nh3
e5 23.Bc2 f4 24.exf4 exd4 25.cxd4 Bxd4+ 26.Kf1 Be3 27.Qe2 d4 28.f5 d3 29.
Bxd3 cxd3 30.Qxd3 Nf6 31.Qc2 b4 32.Bf2 b3 33.Qc3 Nd5 0-1

[Event "Xtracon Chess Open 2018"]
[Site "Elsinore"]
[Date "2018.07.27"]
[Round "8"]
[White "Johannsson, Orn Leo"]
[Black "Haraldsson, Leif"]
[Result "1-0"]
[WhiteElo "2196"]
[BlackElo "1942"]
[EventDate "2018.07.21"]
[WhiteFideId "2303051"]
[BlackFideId "1710648"]

1.Nf3 e6 2.g3 f5 3.Bg2 Nf6 4.O-O d5 5.d3 Bd6 6.Nbd2 O-O 7.e4 dxe4 8.dxe4 
fxe4 9.Ng5 e3 10.fxe3 c6 11.Nde4 Be7 12.Qe2 Nxe4 13.Nxe4 Rxf1+ 14.Qxf1 Nd7
15.Bd2 Nc5 16.Rd1 Qb6 17.Nxc5 Bxc5 18.Bc3 Bxe3+ 19.Kh1 Bg5 20.h4 Be7 21.
Qf4 Qc5 22.Rf1 Qh5 23.Qc7 Qe8 24.Qe5 Bf6 25.Rxf6 gxf6 26.Qxf6 Qg6 27.Qd8+ 
Kf7 28.Bb4 Bd7 29.Qxd7+ Kg8 30.Kh2 Qf7 31.Qd4 Qg7 32.Qe3 Re8 33.Bc3 Qg6 
34.Qe5 Rf8 35.Be4 Qg4 36.Qh8+ Kf7 37.Qxh7+ Ke8 38.Qg6+ Qxg6 39.Bxg6+ 1-0

[Event "Xtracon Chess Open 2018"]
[Site "Elsinore"]
[Date "2018.07.27"]
[Round "8"]
[White "Hill, Alistair"]
[Black "Kizatbay, Alseit"]
[Result "1/2-1/2"]
[WhiteElo "2192"]
[BlackElo "1932"]
[EventDate "2018.07.21"]
[WhiteFideId "432407"]
[BlackFideId "13712209"]

1.e4 c5 2.Nf3 d6 3.Bb5+ Bd7 4.Bxd7+ Qxd7 5.c4 g6 6.d4 cxd4 7.Nxd4 Bg7 8.
Nc3 Nf6 9.f3 Nc6 10.Be3 O-O 11.O-O Rac8 12.b3 Rfd8 13.Qd2 e6 14.Rad1 d5 
15.cxd5 exd5 16.exd5 Nb4 17.Nde2 Nbxd5 18.Nxd5 Qxd5 19.Qxd5 Rxd5 20.Nf4 
Rxd1 21.Rxd1 Bh6 22.Nd5 Bxe3+ 23.Nxe3 Kf8 24.Kf2 Rc7 1/2-1/2

[Event "Xtracon Chess Open 2018"]
[Site "Elsinore"]
[Date "2018.07.27"]
[Round "8"]
[White "Rasmussen, Lars Garne"]
[Black "Leutwyler, Martin"]
[Result "1/2-1/2"]
[WhiteElo "1995"]
[BlackElo "2185"]
[EventDate "2018.07.21"]
[WhiteFideId "1406434"]
[BlackFideId "1301969"]

1.e4 c6 2.d4 d5 3.Nc3 dxe4 4.Nxe4 Bf5 5.Ng3 Bg6 6.h4 h6 7.Nf3 Nd7 8.h5 Bh7
9.Bd3 Bxd3 10.Qxd3 e6 11.Bd2 Ngf6 12.O-O-O Bd6 13.Ne4 Bc7 14.Kb1 Nxe4 15.
Qxe4 Nf6 16.Qd3 O-O 17.Rh4 Qd5 18.c4 Qf5 19.Qxf5 exf5 20.Ne5 Bxe5 21.dxe5 
Ng4 22.Bc3 Nxf2 23.Rf1 Ne4 24.Kc2 Nxc3 25.Kxc3 Rfe8 26.Rxf5 Re7 27.Rhf4 
Rae8 28.g4 c5 29.Kb3 b6 30.Rf2 Rxe5 31.Rxf7 R5e7 32.Rxe7 Rxe7 33.Rf4 Rf7 
34.Re4 Kf8 35.Kc3 Rf3+ 36.Kd2 Rf2+ 37.Kc3 Kf7 38.a3 Rf3+ 39.Kc2 Kf6 40.Kd2
Rb3 41.Kc2 Rg3 42.Kd2 g6 43.hxg6 Kxg6 44.Re7 Rxg4 45.Rxa7 Rxc4 46.Ra6 Rd4+
47.Ke3 Rd6 48.Kf4 h5 49.a4 Rd4+ 50.Kg3 h4+ 51.Kh3 Kf7 52.Rxb6 Rxa4 53.Rb5 
Rc4 54.b3 Rc3+ 55.Kxh4 Ke6 56.Kg4 Kd5 57.Kf4 Kd4 58.Kf5 Rc1 59.Ke6 Re1+ 
60.Kd6 Rh1 61.Ra5 Rh6+ 62.Kc7 Rh1 63.Rb5 Rb1 64.Kc6 Rc1 65.Kc7 Rc2 66.Kc6 
Rc3 67.Ra5 Rxb3 68.Rxc5 1/2-1/2

[Event "Xtracon Chess Open 2018"]
[Site "Elsinore"]
[Date "2018.07.27"]
[Round "8"]
[White "Roseneck, Jonas"]
[Black "Linderod, Lars Erik"]
[Result "1-0"]
[WhiteElo "2182"]
[BlackElo "1931"]
[EventDate "2018.07.21"]
[WhiteFideId "12939870"]
[BlackFideId "1435965"]

1.e4 g6 2.d4 Bg7 3.Nc3 d6 4.Be3 a6 5.Qd2 b5 6.h4 h5 7.Nh3 Bxh3 8.Rxh3 Nh6 
9.f3 Nd7 10.O-O-O Rc8 11.d5 Nb6 12.Bd4 O-O 13.Bxg7 Kxg7 14.Be2 c5 15.g4 
Qd7 16.Rg3 b4 17.Nb1 hxg4 18.fxg4 Qa4 19.h5 Qxa2 20.g5 Ng8 21.Rh1 Na4 22.
Rb3 a5 23.Bc4 Nb6 24.Qh2 Nf6 25.gxf6+ exf6 26.hxg6 Rh8 27.Rh3 Nxc4 28.Rh7+
Kf8 29.Rxf7+ 1-0

[Event "Xtracon Chess Open 2018"]
[Site "Elsinore"]
[Date "2018.07.27"]
[Round "8"]
[White "Ivarsson, Torbjorn"]
[Black "Justinussen, Sigurd B."]
[Result "1-0"]
[WhiteElo "2161"]
[BlackElo "1921"]
[EventDate "2018.07.21"]
[WhiteFideId "1705865"]
[BlackFideId "7200773"]

1.d4 d5 2.Bf4 e6 3.e3 Bd6 4.Bg3 Nf6 5.Nd2 O-O 6.Bd3 c5 7.c3 Nc6 8.Ngf3 Re8
9.Ne5 Qc7 10.f4 b6 11.Bh4 Be7 12.Bxf6 Bxf6 13.O-O a5 14.Rf3 g6 15.g4 Bg7 
16.g5 Ba6 17.Bc2 Rac8 18.Rc1 b5 19.h4 b4 20.h5 bxc3 21.bxc3 cxd4 22.exd4 
Nxe5 23.fxe5 Qe7 24.Rg3 Qa3 25.Bb3 Rc7 26.Nb1 Qe7 27.Qg4 Qd7 28.Nd2 Rec8 
29.Rh3 a4 30.Bd1 Qb5 31.Rc2 Qb6 32.Kg2 Qa5 33.Qg3 Bb5 34.Bg4 Qa6 35.Qe3 
Rb8 36.Kg3 Bf1 37.Rh2 Bd3 38.Be2 Bxe2 39.Rxe2 Qa5 40.Rf2 Rbc8 41.Rf3 Rb8 
42.c4 dxc4 43.Ne4 Rb1 44.Re2 Rh1 45.h6 Bf8 46.Rb2 Qa7 47.d5 f5 48.Nf6+ Kf7
49.Qxa7 Rxa7 50.d6 Re1 51.Kf4 Rd1 52.Rb6 Rd4+ 53.Ke3 Rd1 54.Rf2 1-0

[Event "Xtracon Chess Open 2018"]
[Site "Elsinore"]
[Date "2018.07.27"]
[Round "8"]
[White "Kistrup, Nicolai"]
[Black "Undheim, Bjarne"]
[Result "1-0"]
[WhiteElo "2154"]
[BlackElo "1878"]
[EventDate "2018.07.21"]
[WhiteFideId "1444816"]
[BlackFideId "1506862"]

1.d4 d5 2.c4 Nc6 3.Nc3 dxc4 4.Nf3 Bg4 5.d5 Bxf3 6.exf3 Ne5 7.Bf4 Ng6 8.
Bxc4 Nf6 9.Bg3 a6 10.O-O Nh5 11.Qa4+ b5 12.Nxb5 1-0

[Event "Xtracon Chess Open 2018"]
[Site "Elsinore"]
[Date "2018.07.27"]
[Round "8"]
[White "Mansoor, Afras"]
[Black "Jorgensen, Dennis"]
[Result "0-1"]
[WhiteElo "1973"]
[BlackElo "2147"]
[EventDate "2018.07.21"]
[WhiteFideId "1522108"]
[BlackFideId "1408380"]

1.c4 c6 2.Nf3 d5 3.g3 Nf6 4.Bg2 g6 5.O-O Bg7 6.b3 Ne4 7.d4 O-O 8.Bb2 Nd7 
9.Nbd2 Ndf6 10.Nxe4 Nxe4 11.Nd2 Nd6 12.cxd5 cxd5 13.Bxd5 Nf5 14.Bg2 Nxd4 
15.Nc4 Bg4 16.Re1 Nxe2+ 17.Rxe2 Qxd1+ 18.Rxd1 Bxe2 19.Re1 Bxb2 20.Rxe2 Bf6
21.Bxb7 Rab8 22.Bf3 Rb5 23.Rd2 a5 24.Rd7 a4 25.bxa4 Rb4 26.Ne3 Rxa4 27.Bd5
e6 28.Bb3 Rd4 29.Rb7 Rc8 30.a4 Rd2 31.Nc4 Rd4 32.Ne3 Rc5 33.h3 Rd3 34.Kg2 
Bd4 35.Ng4 h5 36.Nh6+ Kg7 37.Nxf7 Rxb3 38.Rxb3 Kxf7 39.Rd3 Bc3 40.f4 Ke7 
41.g4 Ba5 42.Rd4 Bc3 43.Re4 Kd6 44.Kg3 Rd5 45.Kh4 Bf6+ 46.Kg3 Rd3+ 47.Kg2 
Bd4 48.Re2 Ra3 49.gxh5 gxh5 50.Re4 Kd5 51.Re2 Rxa4 52.Kg3 Bf6 53.Re3 Rc4 
0-1

[Event "Xtracon Chess Open 2018"]
[Site "Elsinore"]
[Date "2018.07.27"]
[Round "8"]
[White "Henningsen, Lasse"]
[Black "Thybo, Thomas Sondergaard"]
[Result "0-1"]
[WhiteElo "1930"]
[BlackElo "2146"]
[EventDate "2018.07.21"]
[WhiteFideId "1425315"]
[BlackFideId "1441299"]

1.d4 Nf6 2.c4 a6 3.Nf3 c5 4.e3 cxd4 5.exd4 d5 6.Nc3 e6 7.Bg5 Be7 8.Rc1 O-O
9.Be2 dxc4 10.Bxc4 b5 11.Be2 Bb7 12.O-O Nbd7 13.Ne5 Nd5 14.Bxe7 Qxe7 15.
Nxd5 Bxd5 16.Bf3 Qd6 17.Nxd7 Qxd7 18.Bxd5 Qxd5 19.b3 Rfd8 20.Qd2 Qxd4 21.
Qxd4 Rxd4 22.Rc2 Rad8 23.f3 g6 24.Rfc1 Rd2 25.Kf1 Kg7 26.Ke1 R2d5 27.Ke2 
Kf6 28.Ke1 h5 29.Re2 a5 30.Rec2 Kf5 31.Re2 e5 32.Rcc2 f6 33.Kf2 h4 34.h3 
Rd1 35.Rc5 R8d5 36.Rcc2 Ra1 37.Ke3 Rad1 38.Kf2 a4 39.bxa4 bxa4 40.Ke3 R5d4
41.Kf2 Kg5 42.Ke3 f5 43.Kf2 Kf4 44.Rb2 Ra1 45.Rbc2 e4 46.fxe4 fxe4 47.Rc6 
e3+ 48.Rxe3 Rd2+ 49.Re2 Rxe2+ 50.Kxe2 Rxa2+ 51.Kf1 g5 52.Rc4+ Ke3 53.Kg1 
a3 54.Rg4 Rb2 55.Kh2 a2 56.Ra4 Kd3 0-1

[Event "Xtracon Chess Open 2018"]
[Site "Elsinore"]
[Date "2018.07.27"]
[Round "8"]
[White "Larsen, Jens Evald"]
[Black "Lalla, Karol"]
[Result "0-1"]
[WhiteElo "1433"]
[BlackElo "1580"]
[EventDate "2018.07.21"]
[WhiteFideId "1409603"]
[BlackFideId "12947407"]

1.d4 f5 2.Nf3 Nf6 3.g3 d5 4.Bg2 c6 5.O-O e6 6.Nc3 Bd6 7.Ne5 Nbd7 8.f4 Qb6 
9.Kh1 O-O 10.b3 c5 11.e3 Ne4 12.Nxe4 fxe4 13.Bb2 Nxe5 14.fxe5 Be7 15.Rxf8+
Bxf8 16.Qg4 Bd7 17.Rf1 Be7 18.dxc5 Qxc5 19.Qe2 Bb5 20.c4 dxc4 21.Bd4 Qc6 
22.Bc3 cxb3 23.Qb2 Bxf1 24.Bxf1 bxa2 25.Qa1 Rf8 26.Bd4 Qc2 0-1

[Event "Xtracon Chess Open 2018"]
[Site "Elsinore"]
[Date "2018.07.27"]
[Round "8"]
[White "Hviid, Hans Henrik"]
[Black "Ji, Jiabao Eivind"]
[Result "1-0"]
[WhiteElo "1173"]
[BlackElo "1250"]
[EventDate "2018.07.21"]
[WhiteFideId "1425374"]
[BlackFideId "1540882"]

1.e4 c5 2.d3 d6 3.Nf3 Nf6 4.Bg5 Nc6 5.Bxf6 exf6 6.d4 cxd4 7.Nxd4 Be7 8.Bc4
Qc7 9.O-O O-O 10.Nf5 Bxf5 11.exf5 Ne5 12.Bd3 Rfe8 13.Nc3 Bf8 14.Be4 Nc4 
15.b3 Nb6 16.Qd3 Rac8 17.Nb5 Qb8 18.c4 a6 19.Nc3 Nd7 20.Rfd1 Nc5 21.Qd5 
Re5 22.Qd4 Ree8 23.b4 Nd7 24.Rd3 Ne5 25.Rg3 Rxc4 26.Qd5 Rxb4 27.Rb1 Rxb1+ 
28.Nxb1 Rc8 29.Qd2 Rc4 30.Nc3 Qa7 31.Nd5 Rxe4 32.Nxf6+ Kh8 33.Nxe4 Qb6 34.
Rb3 Qc6 35.f3 d5 36.Ng5 Bc5+ 37.Kh1 Ba7 38.Rc3 Nc4 39.Qd1 f6 40.Ne6 Qb6 
41.Rc1 h6 42.Qxd5 Nd6 43.g4 a5 44.Nc5 1-0

[Event "Xtracon Chess Open 2018"]
[Site "Elsinore"]
[Date "2018.07.27"]
[Round "8"]
[White "Niese, Holger"]
[Black "Arndt, Uwe"]
[Result "1-0"]
[WhiteElo "2140"]
[BlackElo "1873"]
[EventDate "2018.07.21"]
[WhiteFideId "4697057"]
[BlackFideId "24647713"]

1.e4 c6 2.d4 d5 3.e5 g6 4.Bd3 c5 5.dxc5 Nc6 6.f4 Nh6 7.Nc3 d4 8.Ne4 Bf5 9.
Qf3 Qa5+ 10.Bd2 Bxe4 11.Bxe4 Qxc5 12.Ne2 Rd8 13.g4 e6 14.O-O-O d3 15.Bxd3 
Nxg4 16.Kb1 h5 17.h3 Nh6 18.Ng3 Be7 19.Be3 Qa5 20.Be4 Rc8 21.Rhg1 h4 22.
Ne2 Nf5 23.Bf2 a6 24.a3 Qc7 25.Rd3 g5 26.Rc3 gxf4 27.Qxf4 Kf8 28.Bxf5 exf5
29.Qxf5 Rh6 30.Bb6 Qb8 31.Rf1 f6 32.Nd4 Re8 33.Nxc6 bxc6 34.Rxc6 Qa8 35.
Re6 Qd5 36.c4 Qd2 37.exf6 Bxa3 38.Rxe8+ Kxe8 39.bxa3 Rxf6 40.Qxf6 Qd3+ 41.
Kb2 Qd2+ 42.Kb3 Qd3+ 43.Kb4 a5+ 44.Kb5 Qb3+ 45.Ka6 Qxc4+ 46.Ka7 1-0

[Event "Xtracon Chess Open 2018"]
[Site "Elsinore"]
[Date "2018.07.27"]
[Round "8"]
[White "Sandbech, Ted Henrik"]
[Black "Jacobsen, Per"]
[Result "1/2-1/2"]
[WhiteElo "1775"]
[BlackElo "1590"]
[EventDate "2018.07.21"]
[WhiteFideId "1409751"]
[BlackFideId "1413856"]

1.Nf3 d5 2.d4 c6 3.Nc3 e6 4.a3 f5 5.Bg5 Nf6 6.h3 Nbd7 7.e3 Bd6 8.Be2 O-O 
9.O-O Qe8 10.b4 Ne4 11.Nxe4 fxe4 12.Nd2 e5 13.Bh5 g6 14.Bg4 exd4 15.exd4 
Nf6 16.Bxc8 Rxc8 17.c3 Kg7 18.Nb3 Nh5 19.Qd2 Nf4 20.Nc1 h6 21.Bxf4 Bxf4 
22.Qe1 e3 23.f3 Qe7 24.Ne2 Bc7 25.f4 Rf7 26.Qg3 Rcf8 27.Rf3 Qe4 28.Rxe3 
Bxf4 29.Nxf4 Qxf4 30.Qxf4 Rxf4 31.Re7+ R4f7 32.Rae1 Rxe7 33.Rxe7+ Rf7 
1/2-1/2

[Event "Xtracon Chess Open 2018"]
[Site "Elsinore"]
[Date "2018.07.27"]
[Round "8"]
[White "Sorensen, Bernhard W."]
[Black "Christensen, Verner"]
[Result "1/2-1/2"]
[WhiteElo "1691"]
[BlackElo "1886"]
[EventDate "2018.07.21"]
[WhiteFideId "1442074"]
[BlackFideId "1416006"]

1.d4 Nf6 2.Bf4 c5 3.e3 d5 4.c3 e6 5.Nf3 Nc6 6.Nbd2 Bd6 7.Bg3 O-O 8.Bd3 
cxd4 9.exd4 Re8 10.Ne5 Qc7 11.f4 Bd7 12.O-O Rab8 13.Bh4 Be7 14.Bxf6 Bxf6 
15.Bxh7+ Kf8 16.Bd3 Ke7 17.Ndf3 Rh8 18.Qd2 Rbf8 19.Rae1 Be8 20.Nxc6+ Bxc6 
21.Ne5 Kd8 22.g3 Bd7 23.Ng4 Be7 24.Ne5 Bf6 25.Ng4 Be7 26.Ne5 Bf6 1/2-1/2

[Event "Xtracon Chess Open 2018"]
[Site "Elsinore"]
[Date "2018.07.27"]
[Round "8"]
[White "Glibstrup, Jakob"]
[Black "Poulsen, Iver"]
[Result "0-1"]
[WhiteElo "1920"]
[BlackElo "2133"]
[EventDate "2018.07.21"]
[WhiteFideId "1416146"]
[BlackFideId "1405110"]

1.e4 c5 2.Nf3 g6 3.d4 cxd4 4.Nxd4 Bg7 5.Be3 Nf6 6.Nc3 Nc6 7.Bc4 Qa5 8.O-O 
O-O 9.Re1 Ng4 10.Qxg4 Nxd4 11.Qd1 Nc6 12.Qd2 d6 13.Bh6 Be6 14.Bxg7 Kxg7 
15.Bd5 Qb6 16.Rad1 Rac8 17.Re3 Ne5 18.Na4 Qc7 19.Rc3 Qd7 20.Qd4 Bxd5 21.
exd5 Kg8 22.h3 b5 23.Nc5 Rxc5 24.Rxc5 Nf3+ 25.gxf3 dxc5 26.Qg4 Qd6 27.Qe4 
Rd8 28.b3 b4 29.Qd3 Qf6 30.Qe4 Kf8 31.f4 Rd6 32.Qe5 Kg8 33.Kg2 Qf5 34.Rd3 
Rf6 35.Kg3 Qd7 36.Qe3 Qd6 37.Qe5 Rf5 38.Qxd6 exd6 39.Kf3 g5 40.Kg3 Rxf4 
41.Re3 Kf8 42.f3 h5 43.Kg2 Rd4 44.Rd3 Rxd3 45.cxd3 Kg7 46.h4 Kf6 47.Kg3 
Kf5 48.hxg5 Kxg5 49.Kh3 f5 50.Kg3 h4+ 51.Kh3 a5 52.f4+ Kxf4 53.Kxh4 Ke5 
54.Kg5 f4 55.Kg4 Kxd5 56.Kxf4 Kd4 57.Kf5 d5 58.Ke6 c4 59.dxc4 dxc4 0-1

[Event "Xtracon Chess Open 2018"]
[Site "Elsinore"]
[Date "2018.07.27"]
[Round "8"]
[White "Damm-Frydenberg, Anders"]
[Black "Petersen, Peter Birk"]
[Result "1/2-1/2"]
[WhiteElo "1909"]
[BlackElo "2128"]
[EventDate "2018.07.21"]
[WhiteFideId "1462970"]
[BlackFideId "1401696"]

1.e4 c5 2.Nf3 e6 3.g3 Nc6 4.Bg2 Nf6 5.Qe2 d5 6.exd5 Nxd5 7.O-O Be7 8.Rd1 
O-O 9.d4 cxd4 10.Nxd4 Nxd4 11.Rxd4 Bf6 12.Rd1 Qc7 13.c3 Bd7 14.Nd2 Ba4 15.
Re1 Bc6 16.Ne4 Be7 17.c4 Nf6 18.Bf4 Qa5 19.Bd2 Qc7 20.Bc3 Nxe4 21.Bxe4 
Rfd8 22.h4 1/2-1/2

[Event "Xtracon Chess Open 2018"]
[Site "Elsinore"]
[Date "2018.07.27"]
[Round "8"]
[White "Mai, Aron Thor"]
[Black "Matras, Ove"]
[Result "1/2-1/2"]
[WhiteElo "2119"]
[BlackElo "1839"]
[EventDate "2018.07.21"]
[WhiteFideId "2313383"]
[BlackFideId "1416790"]

1.Nf3 d5 2.g3 c5 3.Bg2 Nc6 4.O-O e5 5.d3 Bd6 6.Nc3 Nge7 7.Nd2 Be6 8.e4 d4 
9.Nd5 Nb4 10.Nxe7 Bxe7 11.b3 h5 12.a3 Nc6 13.f4 exf4 14.gxf4 Bg4 15.Bf3 
Qd7 16.Kh1 g5 17.f5 b5 18.a4 Ne5 19.axb5 Bh3 20.Rg1 Bg4 21.b6 a6 22.Qf1 
Qd6 23.Be2 Bd8 24.Ra4 Bxb6 25.Nc4 Nxc4 26.Rxc4 f6 27.Qf2 Kf7 28.Bd2 a5 29.
Ra1 Bxe2 30.Qxe2 g4 31.Rf1 Qc6 32.Bf4 h4 33.Qxg4 Rag8 34.Qh3 Bc7 1/2-1/2

[Event "Xtracon Chess Open 2018"]
[Site "Elsinore"]
[Date "2018.07.27"]
[Round "8"]
[White "Dishman, Matthew"]
[Black "Schwerteck, Michael"]
[Result "1-0"]
[WhiteElo "1820"]
[BlackElo "2115"]
[EventDate "2018.07.21"]
[WhiteFideId "438642"]
[BlackFideId "4687078"]

1.e4 e5 2.Nf3 Nc6 3.Bb5 a6 4.Ba4 Nf6 5.O-O Be7 6.Re1 b5 7.Bb3 d6 8.c3 O-O 
9.h3 Nb8 10.d4 Nbd7 11.Nbd2 Bb7 12.Bc2 Re8 13.Nf1 Bf8 14.Ng3 g6 15.a4 c5 
16.d5 c4 17.Bg5 Nc5 18.Qd2 Be7 19.Be3 Nfd7 20.Nh2 h5 21.axb5 axb5 22.Rxa8 
Qxa8 23.Bg5 Qd8 24.h4 Bxg5 25.hxg5 Qe7 26.Ra1 Ra8 27.Rxa8+ Bxa8 28.Nf3 Nb6
29.Nh4 Qa7 30.Qd1 Qa2 31.Nhf5 Qxb2 32.Nxh5 Qxc3 33.Nf6+ Kf8 34.Qg4 Qe1+ 
35.Kh2 Qxf2 36.Qh3 Qf4+ 37.Ng3 Ke7 38.Qh8 Bc6 39.dxc6 d5 40.exd5 1-0